Haikyuu!! Aoba Johsai Players - Statistics

General Stats
  • This quiz has been taken 10 times
    9 since last reset
  • The average score is 8 of 14
Answer Stats
Picture Hint Answer % Correct
Vice Captain / Wing Spiker / Outside Hitter / Ace Hajime Iwaizumi
100%
Setter / Captain Tōru Oikawa
100%
Middle Blocker Issei Matsukawa
88%
Setter / Pinch Server Shigeru Yahaba
88%
Wing Spiker / Outside Hitter Takahiro Hanamaki
88%
Wing Spiker / Opposite Hitter Akira Kunimi
75%
Wing Spiker / Opposite Hitter Kentarō Kyōtani
75%
Middle Blocker Yūtarō Kindaichi
75%
Libero Shinji Watari
63%
Head Coach Nobuteru Irihata
25%
Coach Sadayuki Mizoguchi
25%
Wing Spiker Heisuke Shido
13%
Wing Spiker Kaneo Yuda
13%
Middle Blocker Motomu Sawauchi
13%
No matching quizzes found
Score Distribution
Percent of People with Each Score
Percentile by Number Answered
Your Score History
You have not taken this quiz since the last reset